[Event "Russian Cup Final 2014"]
[Site "Khanty-Mansiysk RUS"]
[Date "2014.11.18"]
[Round "1.4"]
[White "Pridorozhni, Aleksei"]
[Black "Sjugirov, Sanan"]
[Result "1-0"]
[WhiteTitle "GM"]
[BlackTitle "GM"]
[WhiteElo "2533"]
[BlackElo "2673"]
[WhiteFideId "4127870"]
[BlackFideId "4189302"]
[EventDate "2014.11.17"]

1. e4 c5 2. Nf3 d6 3. Bb5+ Bd7 4. c4 Nc6 5. O-O Nf6 6. Re1 e5 7. Nc3 Be7 8. a3
a6 9. Bxc6 Bxc6 10. b4 b6 11. d3 O-O 12. Nd2 Nd7 13. Nf1 Bg5 14. Qg4 Bxc1 15.
Raxc1 Re8 16. Ne3 Nf8 17. f4 exf4 18. Qxf4 Ne6 19. Qg3 Nd4 20. Nc2 Nxc2 21. Rxc2
Qf6 22. Rf1 Qe5 23. Qxe5 Rxe5 24. bxc5 Rxc5 25. Rb1 b5 26. Rcb2 g6 27. a4 bxc4
28. d4 Ra5 29. Rb6 Rc8 30. d5 Be8 31. Rxd6 Kg7 32. Kf2 Ra8 33. Ke3 Rc5 34. Kd4
Rc7 35. a5 Bb5 36. Rb6 Rac8 37. Rc1 Rc5 38. Rf1 R5c7 39. Rff6 Re7 40. g4 h6 41.
h4 Rce8 42. h5 g5 43. Rxh6 Bd7 44. Rhf6 Bxg4 45. h6+ Kh7 46. Rxa6 Bh5 47. Rf5
Bg6 48. Rxg5 Kxh6 49. Rg1 Kh7 50. Rb6 Ra7 51. a6 Rae7 52. Rb7 1-0

[Event "Russian Cup Final 2014"]
[Site "Khanty-Mansiysk RUS"]
[Date "2014.11.18"]
[Round "1.4"]
[White "Artemiev, Vladislav"]
[Black "Savchenko, Boris"]
[Result "1-0"]
[WhiteTitle "GM"]
[BlackTitle "GM"]
[WhiteElo "2660"]
[BlackElo "2598"]
[WhiteFideId "24101605"]
[BlackFideId "4147332"]
[EventDate "2014.11.17"]

1. Nf3 d5 2. d4 c5 3. c4 dxc4 4. Nc3 e6 5. e3 cxd4 6. exd4 Qc7 7. Ne5 Nf6 8.
Bxc4 Be7 9. Bf4 Qb6 10. O-O O-O 11. d5 exd5 12. Nxd5 Nxd5 13. Qxd5 Be6 14. Qe4
Bf6 15. Bxe6 fxe6 16. Nc4 Qc6 17. Rae1 a5 18. Qxe6+ Qxe6 19. Rxe6 Nc6 20. Be3
Rfd8 21. a4 Rd3 22. g3 Rad8 23. Kg2 Rb3 24. Bb6 Rd5 25. Bc7 h6 26. Re2 Rc5 27.
Re8+ Kh7 28. Nd2 Rxb2 29. Ne4 Rc4 30. Nxf6+ gxf6 31. Bf4 Rxa4 32. Rd1 Rd4 33.
Rde1 a4 34. Ra8 b5 35. Re6 Rc2 36. Rxf6 Kg7 37. Rxc6 Rxc6 38. Be5+ Kf7 39. Bxd4
Ke6 40. Ra5 Kd5 41. Bg7 Kc5 42. Ra8 Kb4 43. Bf8+ Kb3 44. Rb8 Kc4 45. Ra8 Rf6 46.
Be7 Re6 47. Bf8 Rf6 48. Be7 Rf7 49. Bd6 Rd7 50. Bf8 Rf7 51. Bd6 Rd7 52. Bf8 Rb7
53. f4 Kb3 54. g4 Rf7 55. Bd6 Rd7 56. Be5 b4 57. f5 Rd5 58. Bg7 a3 59. Bxh6 Rd7
60. Bf8 Rd2+ 61. Kg3 a2 62. Bg7 Rd7 63. Be5 Rd5 64. Kf4 Rd2 65. Kg5 Re2 66. Kf6
Kc4 67. Ba1 b3 68. Rc8+ Kd5 69. Rc3 b2 70. Bxb2 Rxb2 71. Ra3 Kc4 72. g5 Kb4 73.
Ra8 Rc2 1-0

[Event "Russian Cup Final 2014"]
[Site "Khanty-Mansiysk RUS"]
[Date "2014.11.18"]
[Round "1.5"]
[White "Sjugirov, Sanan"]
[Black "Pridorozhni, Aleksei"]
[Result "0-1"]
[WhiteTitle "GM"]
[BlackTitle "GM"]
[WhiteElo "2673"]
[BlackElo "2533"]
[WhiteFideId "4189302"]
[BlackFideId "4127870"]
[EventDate "2014.11.17"]

1. d4 d6 2. Nf3 Bg4 3. c4 Nd7 4. g3 Bxf3 5. exf3 c6 6. Nc3 e6 7. f4 d5 8. f5 Qe7
9. fxe6 Qxe6+ 10. Be3 Ngf6 11. Bg2 Bb4 12. O-O Bxc3 13. bxc3 dxc4 14. Rb1 Nb6
15. Re1 O-O 16. a4 Qd7 17. Bg5 Nbd5 18. Bd2 Rfe8 19. Re5 Ng4 20. Rg5 Ngf6 21.
Re5 Ng4 22. Rxe8+ Rxe8 23. Bh3 f5 24. Bg2 Ngf6 25. f3 b5 26. Bf1 a6 27. Kf2 Qe7
28. Qc1 Qd7 29. Qc2 Kf7 30. h4 g6 31. Ra1 Re7 32. Bg5 Qd6 33. Qd2 Qd7 34. Bh3
Qd6 35. Ra2 Re8 36. Bf1 Re7 37. h5 Re8 38. hxg6+ hxg6 39. Bg2 Rh8 40. axb5 cxb5
41. Qe1 Re8 42. Qa1 Re6 43. Rc2 Qb6 44. Qh1 b4 45. Qh8 bxc3 46. Bxf6 Nxf6 47.
Qh4 g5 48. Qxg5 Qxd4+ 49. Kf1 Qd1+ 0-1

[Event "Russian Cup Final 2014"]
[Site "Khanty-Mansiysk RUS"]
[Date "2014.11.19"]
[Round "2.1"]
[White "Khismatullin, Denis"]
[Black "Ponkratov, Pavel"]
[Result "0-1"]
[WhiteTitle "GM"]
[BlackTitle "GM"]
[WhiteElo "2679"]
[BlackElo "2624"]
[WhiteFideId "4142578"]
[BlackFideId "4157800"]
[EventDate "2014.11.17"]

1. c4 Nf6 2. d4 g6 3. Nf3 Bg7 4. Nc3 d5 5. h4 c6 6. cxd5 cxd5 7. Bf4 Nc6 8. e3
O-O 9. Be2 Bg4 10. Ne5 Bxe2 11. Qxe2 Rc8 12. Qb5 Nh5 13. Bh2 e6 14. Nf3 Na5 15.
O-O Rc4 16. b4 Nc6 17. Qxb7 Rxc3 18. Rac1 Nxd4 19. Nxd4 Bxd4 20. exd4 Ra3 21.
Rc2 Qxh4 22. Bd6 Nf4 23. f3 Rc3 24. Rff2 Re3 25. Bxf8 Kxf8 26. Rcd2 Re1+ 27. Rf1
Qg3 28. Qb5 Kg7 29. Rc2 Re3 30. Kh1 e5 31. dxe5 Rxe5 32. Rfc1 Rh5+ 33. Kg1 Rh2
34. Qc5 Rxg2+ 0-1

[Event "Russian Cup Final 2014"]
[Site "Khanty-Mansiysk RUS"]
[Date "2014.11.19"]
[Round "2.1"]
[White "Matlakov, Maxim"]
[Black "Artemiev, Vladislav"]
[Result "1/2-1/2"]
[WhiteTitle "GM"]
[BlackTitle "GM"]
[WhiteElo "2685"]
[BlackElo "2660"]
[WhiteFideId "4168003"]
[BlackFideId "24101605"]
[EventDate "2014.11.17"]

1. d4 d5 2. c4 c6 3. Nf3 Nf6 4. Nc3 e6 5. e3 Nbd7 6. Qc2 Bd6 7. Bd3 O-O 8. O-O
e5 9. cxd5 cxd5 10. e4 exd4 11. Nxd5 Nxd5 12. exd5 h6 13. b3 Nf6 14. Bc4 Bg4 15.
Nxd4 Rc8 16. h3 Bh5 17. Bb2 a6 18. a4 Bg6 19. Qd1 Bb8 20. Re1 Nxd5 21. Ne6 fxe6
22. Rxe6 Rxc4 23. bxc4 Nf4 24. Qxd8 Rxd8 25. Re7 Bf7 26. Rxb7 Ne6 27. Rb1 Bf4
28. g3 Bc7 29. Re1 Rd2 30. Re3 Bd6 31. Ba3 Bxa3 32. Rxa3 Ng5 33. g4 Bxc4 34. h4
Ne6 35. Rb8+ Kh7 36. Re3 Bd5 37. Re5 Nd4 38. Rxd5 Nf3+ 39. Kg2 Nxh4+ 40. Kg3
Rxd5 41. Kxh4 Rd4 42. Kg3 Rxa4 43. f4 a5 44. Ra8 Ra3+ 45. Kg2 Ra2+ 46. Kg3 a4
47. f5 a3 48. Kh3 Ra1 49. Kg2 a2 50. Kh2 h5 51. gxh5 Kh6 52. Ra5 Kg5 53. Kg2 1/2-1/2

[Event "Russian Cup Final 2014"]
[Site "Khanty-Mansiysk RUS"]
[Date "2014.11.19"]
[Round "2.1"]
[White "Pridorozhni, Aleksei"]
[Black "Goganov, Aleksey"]
[Result "1/2-1/2"]
[WhiteTitle "GM"]
[BlackTitle "GM"]
[WhiteElo "2533"]
[BlackElo "2609"]
[WhiteFideId "4127870"]
[BlackFideId "24109959"]
[EventDate "2014.11.17"]

1. e4 e5 2. Nc3 Nf6 3. Nf3 Nc6 4. Bb5 Nd4 5. Bc4 Bc5 6. Nxd4 exd4 7. Nd5 Nxd5 8.
Bxd5 O-O 9. O-O c6 10. Bb3 d5 11. exd5 cxd5 12. d3 Be6 13. Qf3 Qd7 14. Bd2 f6
15. Rfe1 Bf7 16. Qg3 a5 17. a4 b6 18. Re2 Kh8 19. f3 h6 20. Qf2 Kg8 21. Qf1 Rfe8
22. Rxe8+ Rxe8 23. Re1 Rxe1 24. Qxe1 Qe6 25. Qd1 h5 26. Be1 Bd6 27. Bf2 Qe5 28.
g3 g5 29. Qd2 Bb4 30. Qc1 Bc5 31. Qd1 Bb4 32. Qc1 Be6 33. f4 gxf4 34. Qxf4 Qxf4
35. gxf4 Bc5 36. c3 dxc3 37. bxc3 Kg7 38. Bxc5 bxc5 39. h4 f5 40. d4 c4 1/2-1/2

[Event "Russian Cup Final 2014"]
[Site "Khanty-Mansiysk RUS"]
[Date "2014.11.19"]
[Round "2.1"]
[White "Demchenko, Anton"]
[Black "Jakovenko, Dmitry"]
[Result "1-0"]
[WhiteTitle "GM"]
[BlackTitle "GM"]
[WhiteElo "2596"]
[BlackElo "2745"]
[WhiteFideId "4160258"]
[BlackFideId "4122356"]
[EventDate "2014.11.17"]

1. e4 e5 2. Nf3 Nc6 3. Bc4 Bc5 4. c3 Nf6 5. d3 d6 6. O-O a6 7. Bg5 Ba7 8. Nbd2
h6 9. Bh4 Qe7 10. b4 g5 11. Bg3 Bg4 12. h3 Bh5 13. Re1 Bg6 14. a4 Nh5 15. Bh2
Nf4 16. a5 Bh5 17. Qa4 O-O 18. b5 axb5 19. Qxb5 Nd8 20. Bxf4 gxf4 21. d4 c6 22.
Qb2 Rb8 23. Ra3 Kh7 24. Rb3 Rg8 25. Kh2 Ne6 26. Rb1 Ng5 27. Be2 Bxf3 28. Nxf3
Nxf3+ 29. Bxf3 exd4 30. cxd4 Qc7 31. Qd2 Rg5 32. d5 cxd5 33. exd5 Kg7 34. a6 b6
35. Rc3 Qd8 36. Rbc1 b5 37. Rc7 Bc5 38. R1xc5 dxc5 39. d6 Rb6 40. a7 Rxd6 41.
Qb2+ Rd4 42. Rxc5 Rxc5 43. a8=Q Qd6 44. Qaa1 Rc4 45. Qxb5 Qf6 46. Qe1 Rc2 47.
Qbe5 Rd6 48. Qxf6+ Rxf6 49. h4 Ra2 50. Be4 Ra4 51. Bf3 Raa6 52. Kh3 Rae6 53. Qc3
Rd6 54. Be4 Re6 55. Bf5 Rb6 56. Kg4 Rb5 57. Be4 Rb6 58. Kf3 Rd6 59. Qc5 Ra6 60.
Bf5 Ra4 61. Qc3 Ra2 62. Qc5 Ra4 63. Qe5 Rc4 64. Bd3 Rb4 65. Qc3 Ra4 66. Bc2 Ra6
67. Qd3 Rac6 68. Qh7+ Kf8 69. Bf5 Rc4 70. Bd3 Rc3 71. Ke4 Ke7 72. Kd4 Ra3 73.
Bc4 Ra4 74. Kc5 Ra5+ 75. Kb4 Ra7 76. Bd5 Raa6 77. Qh8 Ra1 78. Qb8 Rb1+ 79. Bb3
Re1 80. Kc3 Rc1+ 81. Kd2 Rcc6 82. Ba4 Rcd6+ 83. Ke2 f3+ 84. gxf3 Rfe6+ 85. Kf1
Rb6 86. Qe8+ Kf6 87. Qh8+ Ke7 88. Bc2 Rbd6 89. Bb3 Rf6 90. Qb8 Rb6 91. Qe5+ Kf8
92. Bd5 Rbd6 93. Be4 Rde6 94. Qc3 Rd6 95. Kg2 Kg7 96. Kg3 Kf8 97. f4 Kg7 98. h5
Rd1 99. Qc8 Rg1+ 100. Kf3 Rh1 101. Qg4+ Kh8 102. Qc8+ Kg7 103. Qc5 Rh4 104. Qe5
Rh1 105. Bc2 Rh3+ 106. Kg4 Rh1 107. Qe4 Rg1+ 108. Kf3 Ra1 109. Qh7+ Kf8 110.
Qh8+ Ke7 111. Qc8 Raa6 112. Be4 Rad6 113. f5 Rb6 114. Kf4 Rfd6 115. Ke5 Rb5+
116. Kf4 Rbb6 117. Qc5 1-0

[Event "Russian Cup Final 2014"]
[Site "Khanty-Mansiysk RUS"]
[Date "2014.11.20"]
[Round "2.2"]
[White "Ponkratov, Pavel"]
[Black "Khismatullin, Denis"]
[Result "0-1"]
[WhiteTitle "GM"]
[BlackTitle "GM"]
[WhiteElo "2624"]
[BlackElo "2679"]
[WhiteFideId "4157800"]
[BlackFideId "4142578"]
[EventDate "2014.11.17"]

1. Nf3 d6 2. d4 f5 3. c4 Nf6 4. g3 g6 5. Bg2 Bg7 6. O-O O-O 7. Nc3 c6 8. b3 a5
9. Bb2 Na6 10. Qc2 Qc7 11. Rad1 e5 12. dxe5 dxe5 13. e4 Nb4 14. Qe2 fxe4 15.
Nxe4 Nxe4 16. Qxe4 Bf5 17. Qe3 Rae8 18. a3 Nc2 19. Qc1 e4 20. Nd4 e3 21. Nxf5
gxf5 22. Qxc2 e2 23. Bc1 Qe5 24. Rd3 exf1=Q+ 25. Bxf1 Qa1 26. Bd2 b6 27. c5 b5
28. Bxa5 f4 29. gxf4 Rxf4 30. Rg3 Kh8 31. Bd2 Rxf2 32. Kxf2 Rf8+ 33. Rf3 Rxf3+
34. Kxf3 Qxf1+ 35. Ke4 Qg2+ 36. Kf4 Bh6+ 37. Ke5 Qd5+ 38. Kf6 Bxd2 39. Qf5 Bc3+
40. Kg5 Qxb3 41. h3 Qg8+ 42. Kf4 Bg7 0-1

[Event "Russian Cup Final 2014"]
[Site "Khanty-Mansiysk RUS"]
[Date "2014.11.20"]
[Round "2.2"]
[White "Artemiev, Vladislav"]
[Black "Matlakov, Maxim"]
[Result "1/2-1/2"]
[WhiteTitle "GM"]
[BlackTitle "GM"]
[WhiteElo "2660"]
[BlackElo "2685"]
[WhiteFideId "24101605"]
[BlackFideId "4168003"]
[EventDate "2014.11.17"]

1. Nf3 d5 2. c4 c6 3. g3 Nf6 4. Bg2 Bf5 5. O-O e6 6. d3 dxc4 7. dxc4 Nbd7 8. Nc3
h6 9. Bf4 Be7 10. Bd6 O-O 11. Qd4 Re8 12. Rfd1 Bxd6 13. Qxd6 e5 14. b4 Qb6 15.
a3 a5 16. c5 Qa7 17. Rac1 Rac8 18. Ra1 Ra8 19. Rac1 Rac8 20. Ra1 Ra8 21. Rac1 1/2-1/2

[Event "Russian Cup Final 2014"]
[Site "Khanty-Mansiysk RUS"]
[Date "2014.11.20"]
[Round "2.2"]
[White "Jakovenko, Dmitry"]
[Black "Demchenko, Anton"]
[Result "1-0"]
[WhiteTitle "GM"]
[BlackTitle "GM"]
[WhiteElo "2745"]
[BlackElo "2596"]
[WhiteFideId "4122356"]
[BlackFideId "4160258"]
[EventDate "2014.11.17"]

1. d4 Nf6 2. c4 g6 3. g3 Bg7 4. Bg2 O-O 5. Nf3 d6 6. Nc3 Nbd7 7. O-O e5 8. e4
exd4 9. Nxd4 Re8 10. b3 a6 11. Bb2 Rb8 12. Re1 Nc5 13. Qc2 Bd7 14. Rad1 Qc8 15.
b4 Ne6 16. Nb3 h5 17. Nd5 Nh7 18. f4 Bxb2 19. Qxb2 Ba4 20. f5 Nef8 21. c5 dxc5
22. bxc5 Bc6 23. Nd4 Qd8 24. Nb4 Ba4 25. Rd2 Qe7 26. Qa3 Bd7 27. Nd5 Qd8 28.
Red1 Nf6 29. Qc3 Nxd5 30. exd5 Qg5 31. Rf2 Re3 32. Qd2 Rbe8 33. Nc2 Bxf5 34.
Nxe3 Qxe3 35. Qxe3 Rxe3 36. d6 cxd6 37. cxd6 Bg4 38. Rdd2 b5 39. Bd5 Be6 40.
Bxe6 Nxe6 41. d7 Nd8 42. Rfe2 Re6 43. Rxe6 fxe6 44. Rd6 Kf7 45. Rxa6 Ke7 46. Rb6
Kxd7 47. Rxb5 1-0

[Event "Russian Cup Final 2014"]
[Site "Khanty-Mansiysk RUS"]
[Date "2014.11.20"]
[Round "2.3"]
[White "Ponkratov, Pavel"]
[Black "Khismatullin, Denis"]
[Result "0-1"]
[WhiteTitle "GM"]
[BlackTitle "GM"]
[WhiteElo "2624"]
[BlackElo "2679"]
[WhiteFideId "4157800"]
[BlackFideId "4142578"]
[EventDate "2014.11.17"]

1. e4 e5 2. Nf3 Nc6 3. d4 exd4 4. Nxd4 Nf6 5. Nxc6 bxc6 6. e5 Qe7 7. Qe2 Nd5 8.
c4 Ba6 9. Nd2 g6 10. b3 Bg7 11. Nf3 f6 12. Qd2 Nb6 13. Qa5 Bb7 14. Ba3 d6 15. c5
fxe5 16. Nd2 e4 17. O-O-O Qe5 18. Nxe4 Qa1+ 19. Kd2 Qxa2+ 20. Ke1 O-O 21. Bb4
Qxb3 22. cxd6 Rae8 23. f3 Rxe4+ 24. fxe4 Qe3+ 25. Be2 Qf2+ 26. Kd2 Nc4+ 0-1

[Event "Russian Cup Final 2014"]
[Site "Khanty-Mansiysk RUS"]
[Date "2014.11.20"]
[Round "2.3"]
[White "Matlakov, Maxim"]
[Black "Artemiev, Vladislav"]
[Result "1/2-1/2"]
[WhiteTitle "GM"]
[BlackTitle "GM"]
[WhiteElo "2685"]
[BlackElo "2660"]
[WhiteFideId "4168003"]
[BlackFideId "24101605"]
[EventDate "2014.11.17"]

1. d4 d5 2. c4 c6 3. Nf3 Nf6 4. Nc3 e6 5. e3 Nbd7 6. Qc2 Bd6 7. Bd3 O-O 8. O-O
e5 9. cxd5 cxd5 10. Nb5 Bb8 11. dxe5 Nxe5 12. Nxe5 Bxe5 13. Bd2 Bd7 14. Bc3 Qb8
15. Bxe5 Qxe5 16. Qc3 Qg5 17. f4 Qh5 18. Nd4 Rfe8 19. h3 Qh4 20. Qe1 Qxe1 21.
Rfxe1 Rac8 22. Kf2 Kf8 23. Red1 Rc5 24. Rd2 Rec8 25. Rad1 Ba4 26. b3 Bd7 27. Kf3
h5 28. Rg1 Ke7 29. Rc2 b6 30. Rgc1 a5 1/2-1/2

[Event "Russian Cup Final 2014"]
[Site "Khanty-Mansiysk RUS"]
[Date "2014.11.20"]
[Round "2.3"]
[White "Jakovenko, Dmitry"]
[Black "Demchenko, Anton"]
[Result "1/2-1/2"]
[WhiteTitle "GM"]
[BlackTitle "GM"]
[WhiteElo "2745"]
[BlackElo "2596"]
[WhiteFideId "4122356"]
[BlackFideId "4160258"]
[EventDate "2014.11.17"]

1. d4 Nf6 2. c4 d6 3. Nf3 Nbd7 4. g3 e5 5. Bg2 c6 6. O-O e4 7. Ne1 d5 8. Nc3 Be7
9. cxd5 cxd5 10. f3 exf3 11. Bxf3 Nb6 12. Ng2 O-O 13. a4 a5 14. Bg5 h6 15. Bxf6
Bxf6 16. Nf4 Be6 17. Nxe6 fxe6 18. Qd3 Nc4 19. b3 Qb6 20. bxc4 Qxd4+ 21. Qxd4
Bxd4+ 22. Kg2 Bxc3 23. Rac1 d4 24. Bxb7 Rab8 25. Ba6 Rxf1 26. Kxf1 Kf7 27. c5
Ke7 28. Kg2 Ra8 29. Bb7 Rf8 30. Bf3 Rb8 31. Be4 Rb4 32. Rb1 Rxb1 33. Bxb1 Bb4
34. c6 Kd6 35. Be4 Bc5 36. Kf3 Bb6 37. Kf4 Bc7 38. Bf3 Kc5+ 39. Ke4 Kxc6 40.
Kxd4+ 1/2-1/2

[Event "Russian Cup Final 2014"]
[Site "Khanty-Mansiysk RUS"]
[Date "2014.11.20"]
[Round "2.4"]
[White "Khismatullin, Denis"]
[Black "Ponkratov, Pavel"]
[Result "0-1"]
[WhiteTitle "GM"]
[BlackTitle "GM"]
[WhiteElo "2679"]
[BlackElo "2624"]
[WhiteFideId "4142578"]
[BlackFideId "4157800"]
[EventDate "2014.11.17"]

1. Nf3 Nf6 2. d4 c5 3. e3 g6 4. dxc5 Bg7 5. a3 a5 6. Nc3 Na6 7. e4 Nxc5 8. e5
Ng4 9. Bf4 Ne6 10. Bg3 Nh6 11. Bd3 Nc5 12. Bc4 O-O 13. Qd2 Nf5 14. O-O-O b5 15.
Bxb5 Bb7 16. Rhe1 Qb6 17. Bf4 a4 18. Qe2 Ne6 19. Be3 Nxe3 20. Qxe3 Nc5 21. Rd4
Rfc8 22. Rb4 Qc7 23. Kb1 Ra5 24. Nd4 e6 25. f4 Bxg2 26. Re2 Ba8 27. Nxa4 Bf8 28.
Nc3 d6 29. h4 dxe5 30. fxe5 Qd8 31. h5 Na6 32. hxg6 hxg6 33. Rc4 Rxb5 34. Rxc8
Rxb2+ 35. Kxb2 Qxc8 36. Ncb5 Nc5 37. c4 Bg7 38. Ka2 Nd7 39. Nd6 Qa6 40. N4b5
Bxe5 41. Rd2 Qc6 42. Qg5 Bf6 43. Qf4 Qh1 44. Nc3 g5 45. Qe3 Bc6 46. Nde4 Bg7 47.
Rd1 Qh2+ 48. Rd2 Qe5 49. Rg2 Bxe4 50. Rg3 Bg6 51. Qxe5 Bxe5 52. Re3 g4 53. c5
Bd4 54. Rg3 Nxc5 55. Ne2 Be5 56. Rxg4 Kf8 57. a4 Ke7 58. a5 Bc7 59. Rg5 Kd6 60.
Nf4 Bf5 61. Rg7 Kc6 62. Ng2 Be4 63. Ne3 f5 0-1

[Event "Russian Cup Final 2014"]
[Site "Khanty-Mansiysk RUS"]
[Date "2014.11.20"]
[Round "2.4"]
[White "Artemiev, Vladislav"]
[Black "Matlakov, Maxim"]
[Result "1/2-1/2"]
[WhiteTitle "GM"]
[BlackTitle "GM"]
[WhiteElo "2660"]
[BlackElo "2685"]
[WhiteFideId "24101605"]
[BlackFideId "4168003"]
[EventDate "2014.11.17"]

1. b3 d5 2. Bb2 Bf5 3. Nf3 Nf6 4. g3 e6 5. Bg2 c5 6. c4 Nc6 7. cxd5 exd5 8. O-O
d4 9. e3 d3 10. Ne5 Nxe5 11. Bxe5 Bc8 12. Bxf6 Qxf6 13. Nc3 Be7 14. Rc1 Rb8 15.
Nd5 Qd6 16. b4 cxb4 17. Nc7+ Kf8 18. Qa4 Be6 19. Qxa7 Rd8 20. Bxb7 Bh3 21. Rfe1
h5 22. Nd5 h4 23. Nxe7 hxg3 24. fxg3 Qxe7 25. Qa5 g6 26. Rc7 Qd6 27. Rc6 Qe7 28.
Rc7 Qd6 29. Rc4 Rh5 30. Qxb4 Be6 31. Qxd6+ Rxd6 32. Rc3 Rb5 33. Be4 Rb2 34. Rxd3
Rxd3 35. Bxd3 Rxd2 36. Be2 Rxa2 37. Kf2 Bg4 38. e4 Ke7 39. Ke3 Bxe2 40. Rxe2 Ra1
41. Kf4 Kf6 42. e5+ Kg7 43. Re3 Ra4+ 44. Re4 Ra2 45. h4 Rf2+ 46. Ke3 Ra2 47. Rd4
Ra6 48. Rd7 Ra3+ 49. Rd3 Ra6 50. g4 Ra1 51. Kf4 Rf1+ 52. Kg5 Re1 53. Kf4 Rf1+
54. Kg5 Re1 55. Rd5 Re2 56. Rb5 Re1 57. Rc5 Re4 58. h5 gxh5 59. Kxh5 Re1 60. Kh4
f6 61. exf6+ Kxf6 62. Rc6+ Kg7 63. Kh5 Re5+ 64. g5 Re7 1/2-1/2

[Event "Russian Cup Final 2014"]
[Site "Khanty-Mansiysk RUS"]
[Date "2014.11.20"]
[Round "2.4"]
[White "Demchenko, Anton"]
[Black "Jakovenko, Dmitry"]
[Result "1/2-1/2"]
[WhiteTitle "GM"]
[BlackTitle "GM"]
[WhiteElo "2596"]
[BlackElo "2745"]
[WhiteFideId "4160258"]
[BlackFideId "4122356"]
[EventDate "2014.11.17"]

1. e4 e5 2. Nf3 Nc6 3. Bc4 Bc5 4. c3 Nf6 5. d3 O-O 6. O-O d5 7. exd5 Nxd5 8. a4
Nb6 9. Bb5 Bd6 10. a5 Nd5 11. a6 Nce7 12. Nbd2 Ng6 13. Ne4 Ndf4 14. d4 exd4 15.
Nxd6 Qxd6 16. Qxd4 bxa6 17. Qxd6 cxd6 18. Bxa6 Bxa6 19. Rxa6 Ne2+ 20. Kh1 Rab8
21. Ra2 Nxc1 22. Rxc1 Ne5 23. Rd1 Nxf3 24. gxf3 Rb6 25. b4 a6 26. Rad2 Rd8 27.
Kg2 1/2-1/2

[Event "Russian Cup Final 2014"]
[Site "Khanty-Mansiysk RUS"]
[Date "2014.11.20"]
[Round "2.5"]
[White "Ponkratov, Pavel"]
[Black "Khismatullin, Denis"]
[Result "0-1"]
[WhiteTitle "GM"]
[BlackTitle "GM"]
[WhiteElo "2624"]
[BlackElo "2679"]
[WhiteFideId "4157800"]
[BlackFideId "4142578"]
[EventDate "2014.11.17"]

1. Nc3 Nf6 2. e4 d5 3. e5 d4 4. Nce2 Ng4 5. f4 c5 6. Nf3 h5 7. b4 d3 8. Ng3 dxc2
9. Qxc2 cxb4 10. Bc4 e6 11. f5 exf5 12. d4 Be6 13. O-O Nc6 14. Rd1 Rc8 15. d5
Qb6+ 16. Kf1 Na5 17. dxe6 Nxc4 18. exf7+ Kxf7 19. Ke1 Kg8 20. Nxf5 b3 21. Qe2 b2
22. Bxb2 Qxb2 23. e6 Qxe2+ 24. Kxe2 Re8 25. Ng5 g6 26. Nd4 Bh6 27. Ne4 Bg7 28.
Rac1 Nge3 29. Rd3 Nf5 30. Nxf5 gxf5 0-1

[Event "Russian Cup Final 2014"]
[Site "Khanty-Mansiysk RUS"]
[Date "2014.11.20"]
[Round "2.5"]
[White "Artemiev, Vladislav"]
[Black "Matlakov, Maxim"]
[Result "0-1"]
[WhiteTitle "GM"]
[BlackTitle "GM"]
[WhiteElo "2660"]
[BlackElo "2685"]
[WhiteFideId "24101605"]
[BlackFideId "4168003"]
[EventDate "2014.11.17"]

1. b3 d5 2. Bb2 Bf5 3. e3 e6 4. f4 Nf6 5. Nf3 h6 6. Be2 Be7 7. O-O O-O 8. h3 c5
9. d3 Nc6 10. Nbd2 Bh7 11. Qe1 Nd7 12. e4 b5 13. Qg3 Bf6 14. e5 Be7 15. Qf2 a5
16. a4 bxa4 17. Rxa4 Nb6 18. Raa1 a4 19. Kh1 Qc7 20. Rfc1 Nb4 21. Ba3 axb3 22.
Nxb3 c4 23. Nbd4 Nxd3 24. Bxd3 Rxa3 25. Bxh7+ Kxh7 26. Rab1 Bc5 27. Qd2 Qd7 28.
Rb5 Rfa8 29. Rxc5 Na4 30. Rc6 Nc3 31. Rd6 Qb7 32. Qe1 Ne4 33. Rc6 Qb2 34. Kh2
Ra1 35. Rxa1 Rxa1 36. Qe3 Qb1 37. Ng1 Qf1 38. f5 Re1 39. Nde2 Qxf5 40. Qf4 Qg6
41. Rc7 Kg8 42. Rc8+ Kh7 43. Rf8 Ng5 44. h4 Qh5 45. Ng3 Qg6 46. hxg5 hxg5 47.
Qg4 Rxe5 48. Nf3 Qh6+ 49. Qh3 Qxh3+ 50. Kxh3 Re3 51. Nxg5+ Kg6 52. Nxf7 d4 53.
Nh8+ Kg5 54. Nf7+ Kg6 55. Nd6 d3 56. Nxc4 dxc2 0-1

[Event "Russian Cup Final 2014"]
[Site "Khanty-Mansiysk RUS"]
[Date "2014.11.20"]
[Round "2.5"]
[White "Demchenko, Anton"]
[Black "Jakovenko, Dmitry"]
[Result "0-1"]
[WhiteTitle "GM"]
[BlackTitle "GM"]
[WhiteElo "2596"]
[BlackElo "2745"]
[WhiteFideId "4160258"]
[BlackFideId "4122356"]
[EventDate "2014.11.17"]

1. Nf3 d5 2. g3 g6 3. Bg2 Bg7 4. O-O Nf6 5. d3 O-O 6. Nbd2 Nc6 7. e4 dxe4 8.
dxe4 e5 9. c3 a5 10. a4 Re8 11. Qc2 h6 12. Rd1 Qe7 13. b3 Rd8 14. Ba3 Qe8 15.
Nc4 Bg4 16. Ne3 Be6 17. Ne1 Ne7 18. Nd3 Ng4 19. Nf1 Nc6 20. h3 Nf6 21. Ne3 Bf8
22. Nc5 b6 23. Nxe6 Qxe6 24. Nd5 Rac8 25. Bc1 Ne7 26. Ne3 Nc6 27. Bb2 Bc5 28.
Nd5 Ne7 29. b4 Bd6 30. bxa5 bxa5 31. c4 Nc6 32. c5 Bf8 33. Qc4 Nd7 34. Ba3 Nd4
35. f4 c6 36. fxe5 cxd5 37. exd5 Qxe5 38. Qxd4 Qxd4+ 39. Rxd4 Bg7 40. Rad1 Bxd4+
41. Rxd4 Nxc5 42. d6 Ne6 43. Rd3 Rd7 44. h4 Rc4 45. Bb2 Nc5 46. Rd2 Ne4 47. Rd3
f5 48. Be5 Kf7 49. Bf1 Rxa4 50. Rd1 Rb4 51. g4 Ke6 52. Bf4 Rxd6 53. Bxd6 Nxd6
54. gxf5+ Nxf5 55. h5 gxh5 56. Ra1 a4 57. Re1+ Kf6 58. Bh3 Rf4 59. Rb1 Kg5 60.
Rb5 h4 61. Kg2 a3 62. Ra5 a2 63. Rxa2 Ne3+ 64. Kh2 Rd4 65. Ra5+ Kf4 66. Rh5 Rd2+
67. Kg1 Kg3 68. Bf1 Rd1 0-1

[Event "Russian Cup Final 2014"]
[Site "Khanty-Mansiysk RUS"]
[Date "2014.11.21"]
[Round "3.1"]
[White "Khismatullin, Denis"]
[Black "Matlakov, Maxim"]
[Result "0-1"]
[WhiteTitle "GM"]
[BlackTitle "GM"]
[WhiteElo "2679"]
[BlackElo "2685"]
[WhiteFideId "4142578"]
[BlackFideId "4168003"]
[EventDate "2014.11.17"]

1. c4 Nf6 2. g3 e5 3. Nc3 d5 4. cxd5 Nxd5 5. Bg2 Nb6 6. e3 g6 7. Nge2 Bg7 8. O-O
Nc6 9. d4 exd4 10. Nxd4 Nxd4 11. exd4 O-O 12. Bf4 c6 13. d5 Bd7 14. Rc1 Rc8 15.
d6 g5 16. Bd2 Bf5 17. Be4 Bg6 18. Bxg6 hxg6 19. Ne4 g4 20. Ba5 Qd7 21. Nc5 Qf5
22. Qc2 Qd5 23. Rfd1 Bd4 24. Bxb6 axb6 25. Nb3 c5 26. Nxd4 cxd4 27. Qxc8 Rxc8
28. Rxc8+ Kg7 29. a4 Kf6 30. Re8 Kf5 31. Re7 f6 32. d7 Qd6 33. Rde1 Qd5 34. b3
g5 35. Rd1 Qd6 36. Rde1 Qd5 37. R1e2 Qd6 38. R2e6 Qc7 39. Re4 Qd6 40. Re2 d3 41.
R2e6 Qc7 42. d8=Q Qxd8 43. Re1 d2 44. R7e3 dxe1=Q+ 45. Rxe1 Qd2 46. Re3 Qxe3 47.
fxe3 Ke4 0-1